|
|
|
|
| LEADER |
00000nam0a2200000 4500 |
| 001 |
683516 |
| 005 |
20251128103150.0 |
| 090 |
|
|
|a 683516
|
| 100 |
|
|
|a 20251128d1978 km|y0rusy50 ca
|
| 101 |
0 |
|
|a rus
|
| 102 |
|
|
|a RU
|
| 105 |
|
|
|a a z 001yy
|
| 181 |
|
0 |
|a i
|b e
|
| 182 |
|
0 |
|a n
|
| 183 |
|
0 |
|a nc
|2 RDAcarrier
|
| 200 |
1 |
|
|a Преобразователь СВЕТ-СИГНАЛ в телевизионных системах
|f В. Н. Короленко, В. Л. Ленцман, Л. А. Пинцов, В. Г. Чикрызов
|
| 203 |
|
|
|a Текст
|b визуальный
|c непосредственный
|
| 210 |
|
|
|a Москва
|c Связь
|d 1978
|
| 215 |
|
|
|a 120 с.
|c ил.
|
| 283 |
|
|
|a volume
|2 RDAcarrier
|
| 320 |
|
|
|a Список литературы: с. 112-117
|
| 320 |
|
|
|a Список обозначений: с. 118
|
| 606 |
|
|
|a Телевизионные сигналы
|x Преобразование
|9 76743
|
| 606 |
|
|
|a Электронно-лучевые трубки (ЭЛТ)
|x Применение
|9 45511
|
| 610 |
1 |
|
|a преобразователи све-сигнал
|
| 610 |
1 |
|
|a моделирование
|
| 610 |
1 |
|
|a характеристики
|
| 610 |
1 |
|
|a структура
|
| 675 |
|
|
|a 621.385.832.5
|v 4
|
| 675 |
|
|
|a 621.397.331
|v 4
|
| 701 |
|
1 |
|a Короленко
|b В. Н.
|g Владислав Николаевич
|
| 701 |
|
1 |
|a Ленцман
|b В. Л.
|g Валерий Леонидович
|
| 701 |
|
1 |
|a Пинцов
|b Л. А.
|g Леон Аронович
|
| 701 |
|
1 |
|a Чикрызов
|b В. Г.
|g Владимир Григорьевич
|
| 801 |
|
0 |
|a RU
|b 63413507
|c 20251128
|
| 830 |
|
|
|a Ретро2025Каталогизация Шило
|
| 850 |
|
|
|a 63413507
|
| 942 |
|
|
|c BK
|